<?xml version="1.0" encoding="UTF-8"?>
<record
    xmlns:xsi="http://www.w3.org/2001/XMLSchema-instance"
    xsi:schemaLocation="http://www.loc.gov/MARC21/slim http://www.loc.gov/standards/marcxml/schema/MARC21slim.xsd"
    xmlns="http://www.loc.gov/MARC21/slim">

  <leader>01049nam a2200289 a 4500</leader>
  <controlfield tag="001">000005347</controlfield>
  <controlfield tag="005">20200929151641.0</controlfield>
  <controlfield tag="008">090819s1989    sp a          000 0 spa d</controlfield>
  <datafield tag="020" ind1=" " ind2=" ">
    <subfield code="a">8400069951</subfield>
  </datafield>
  <datafield tag="040" ind1=" " ind2=" ">
    <subfield code="a">DO-SdBNP</subfield>
    <subfield code="b">spa</subfield>
    <subfield code="c">BNPHU</subfield>
  </datafield>
  <datafield tag="082" ind1=" " ind2=" ">
    <subfield code="a">769.946</subfield>
    <subfield code="b">C315d</subfield>
  </datafield>
  <datafield tag="100" ind1="1" ind2=" ">
    <subfield code="a">Carrete Parrondo, Juan</subfield>
    <subfield code="9">15160</subfield>
  </datafield>
  <datafield tag="245" ind1="1" ind2="0">
    <subfield code="a">Difusi&#xF3;n de la ciencia en la Espa&#xF1;a ilustrada :</subfield>
    <subfield code="b">estampas de la Real Calcograf&#xED;a /</subfield>
    <subfield code="c">Juan Carrete Parrondo.</subfield>
  </datafield>
  <datafield tag="260" ind1=" " ind2=" ">
    <subfield code="a">Madrid, Espa&#xF1;a :</subfield>
    <subfield code="b">Consejo Superior de Investigaci&#xF3;n Cientificas,</subfield>
    <subfield code="c">1989.</subfield>
  </datafield>
  <datafield tag="300" ind1=" " ind2=" ">
    <subfield code="a">396 p. :</subfield>
    <subfield code="b">il. ;</subfield>
    <subfield code="c">30 cm.</subfield>
  </datafield>
  <datafield tag="500" ind1=" " ind2=" ">
    <subfield code="a">Incluye notas</subfield>
  </datafield>
  <datafield tag="504" ind1=" " ind2=" ">
    <subfield code="a">Bibliogr&#xE1;f&#xED;a : p. 4</subfield>
  </datafield>
  <datafield tag="650" ind1=" " ind2="4">
    <subfield code="a">Grabado espa&#xF1;ol</subfield>
    <subfield code="x">Colecciones</subfield>
    <subfield code="9">15161</subfield>
  </datafield>
  <datafield tag="650" ind1=" " ind2="4">
    <subfield code="a">Calcograf&#xED;a</subfield>
    <subfield code="9">15162</subfield>
  </datafield>
  <datafield tag="650" ind1=" " ind2="4">
    <subfield code="a">Grabado</subfield>
    <subfield code="x">Historia</subfield>
    <subfield code="z">Madrid (Espa&#xF1;a{Rpara}</subfield>
    <subfield code="9">15163</subfield>
  </datafield>
  <datafield tag="650" ind1=" " ind2="4">
    <subfield code="a">Grabado</subfield>
    <subfield code="x">Obras ilustradas</subfield>
    <subfield code="9">15164</subfield>
  </datafield>
  <datafield tag="650" ind1=" " ind2="4">
    <subfield code="a">Artes gr&#xE1;ficas</subfield>
    <subfield code="x">Historia</subfield>
    <subfield code="z">Madrid (Espa&#xF1;a{Rpara}</subfield>
    <subfield code="9">15165</subfield>
  </datafield>
  <datafield tag="650" ind1=" " ind2="4">
    <subfield code="a">Ilustraci&#xF3;n de libros</subfield>
    <subfield code="9">15166</subfield>
  </datafield>
  <datafield tag="650" ind1=" " ind2="4">
    <subfield code="a">Grabado</subfield>
    <subfield code="x">T&#xE9;cnica</subfield>
    <subfield code="9">15167</subfield>
  </datafield>
  <datafield tag="650" ind1=" " ind2="4">
    <subfield code="a">Grabado</subfield>
    <subfield code="x">Impresi&#xF3;n</subfield>
    <subfield code="9">15168</subfield>
  </datafield>
  <datafield tag="049" ind1=" " ind2=" ">
    <subfield code="a">BNPD</subfield>
  </datafield>
  <datafield tag="952" ind1=" " ind2=" ">
    <subfield code="0">0</subfield>
    <subfield code="1">0</subfield>
    <subfield code="5">4</subfield>
    <subfield code="7">0</subfield>
    <subfield code="8">MO</subfield>
    <subfield code="a">GR</subfield>
    <subfield code="b">GR</subfield>
    <subfield code="c">HD</subfield>
    <subfield code="d">2009-08-19</subfield>
    <subfield code="i">LF1</subfield>
    <subfield code="l">0</subfield>
    <subfield code="o">769.946 C315d</subfield>
    <subfield code="p">5347-10</subfield>
    <subfield code="r">2020-06-25</subfield>
    <subfield code="w">2020-06-25</subfield>
    <subfield code="y">4</subfield>
    <subfield code="Z">Pr&#xE9;stamo en sala</subfield>
  </datafield>
  <datafield tag="999" ind1=" " ind2=" ">
    <subfield code="c">5148</subfield>
    <subfield code="d">5148</subfield>
  </datafield>
</record>
